Strzelcy Bramek w Finale Tauron Hokej Ligi 2025 - Statystyki

Ogólne statystyki
  • Ten quiz został rozwiązany 14 razy
  • Średni wynik to 13 z 28
Statystyki odpowiedzi
Hint Odpowiedź % Poprawnych
5T Filip Komorski
80%
5T Filip Komorski
80%
88T Alan Łyszczarczyk
60%
88T Alan Łyszczarczyk
60%
69T Mateusz Bryk
60%
14T Dominik Paś
40%
5T Filip Komorski
40%
18K Grzegorz Pasiut
40%
18K Grzegorz Pasiut
40%
39K Jean Dupuy
40%
39K Jean Dupuy
40%
39K Jean Dupuy
40%
26T Jere-Matias Alanen
40%
34T Mark Viitanen
40%
88K Mateusz Michalski
40%
95K Patryk Wronka
40%
95K Patryk Wronka
40%
38K Pontus Englund
40%
61T Rasmus Heljanko
40%
61T Rasmus Heljanko
40%
10T Roni Allen
40%
10T Roni Allen
40%
8K Santeri Koponen
40%
27K Stephen Anderson
40%
27K Stephen Anderson
40%
27K Stephen Anderson
40%
2T Valtteri Kakkonen
40%
2T Valtteri Kakkonen
40%
Nie znaleziono quizów pasujących do podanych kryteriów
Rozkład punktacji
Procent ludzi z każdym wynikiem
Percentyl według liczby udzielonych odpowiedzi
Twoja historia wyników
Nie rozwiązałeś tego quizu